| 000 | 00366nam a2200145Ia 4500 | ||
|---|---|---|---|
| 005 | 20251222153648.0 | ||
| 008 | 251222s9999||||xx |||||||||||||| ||spa|| | ||
| 020 | _a8427114362 | ||
| 082 | _a616.1/P27 | ||
| 100 | _aPassebecq, André | ||
| 245 | 0 | _aTratamiento Naturales de las Afecciones Circulatorias: | |
| 250 | _a2da. ed. | ||
| 264 | _bMensajero | ||
| 942 | _cLIB | ||
| 999 |
_c33002 _d33002 |
||